Statistics for April 2nd: Birthdays

Click here to take the quiz!

General Stats

  • This quiz has been taken 9 times
  • The average score is 3 of 8

Answer Stats

YearClueAnswer% Correct
1805Frozen is based off one of his storiesHans Christian Andersen
78%
1965Killed by LA CopsRodney King
67%
1875Founded Chrysler Corp.Walter Chrysler
44%
1914Actor in The Bridge on the River KwaiAlec Guinness
33%
784Holy Roman EmperorCharlemagne
22%
1939Wrote It Takes TwoMarvin Gaye
11%
1969Indian Actor who was in ZakhmAjay Devgan
0%
1725Italian writer/adventurerGiacomo Casanova
0%

Score Distribution

Percentile by Number Answered

Percent of People with Each Score

Your Score History

You have not taken this quiz